000 00720nam a2200265 i 4500
001 C2-0009658
003 PPAK
005 20190630221858.0
008 970128s1991 enka|||| ||||| | eng d
020 _a1851031251
040 _aPPAK
_beng
_cPPAK
_erda
082 0 4 _a591.51
_223
090 0 0 _a591.51
_bANI
_dR
090 0 0 _a591.51
_bANI
_dRK
245 0 4 _aThe animal world
264 1 _aLondon :
_bMoonlight Publishing ,
_c1991
300 _a77 pages :
_bcolour illustrations ;
_c28 cm
336 _2rdacontent
_atext
337 _2rdamedia
_aunmediated
338 _2rdacarrier
_avolume
490 1 _aThe animal world
650 1 0 _aAnimal behavior - Encyclopedias
830 0 _aThe animal world
942 _ddc
_cB
999 _c2447
_d2447